[Event "SV Mülheim-Nord 3 - Oberhausener SV 2"]
[Site "Regionalliga 2018/2019"]
[Date "2018.11.11"]
[Round "4.4"]
[White "Kuipers, Dustin"]
[Black "Groß, Thomas"]
[Result "1/2-1/2"]
[WhiteElo "2081"]
[BlackElo "1970"]
[PlyCount "53"]
[EventDate "2018.??.??"]

1. Nf3 d5 2. c4 c6 3. g3 Nf6 4. Bg2 Bf5 5. O-O e6 6. cxd5 cxd5 7. Qb3 Qc8 8.
Nc3 Be7 9. d3 Nc6 10. Bf4 O-O 11. Rac1 h6 12. e4 dxe4 13. dxe4 Nxe4 14. Nxe4
Bxe4 15. Ne5 Bxg2 16. Kxg2 Rd8 17. Qa4 Bd6 18. Nxc6 bxc6 19. Bxd6 Rxd6 20. Rc2
Qb7 21. Qe4 Rb8 22. Rfc1 c5 23. Qxb7 Rxb7 24. b3 Ra6 25. Rd2 Rc7 26. Rdc2 Rac6
27. Rc4 1/2-1/2

[Event "SV Mülheim-Nord 3 - Oberhausener SV 2"]
[Site "Regionalliga 2018/2019"]
[Date "2018.11.11"]
[Round "4.5"]
[White "Gerst, Michael"]
[Black "Mainusch, Martin"]
[Result "1/2-1/2"]
[WhiteElo "1933"]
[BlackElo "1948"]
[PlyCount "31"]
[EventDate "2018.??.??"]

1. d4 Nf6 2. c4 g6 3. Nc3 Bg7 4. g3 O-O 5. Bg2 d6 6. Nf3 c6 7. O-O Qa5 8. e4 e5
9. dxe5 dxe5 10. Qe2 Bg4 11. Rd1 Nbd7 12. a3 Qc7 13. Be3 Rfe8 14. h3 Bxf3 15.
Bxf3 Nf8 16. Qc2 1/2-1/2

[Event "SV Mülheim-Nord 3 - Oberhausener SV 2"]
[Site "Regionalliga 2018/2019"]
[Date "2018.11.11"]
[Round "4.6"]
[White "Grodotzki, Kenneth"]
[Black "Stefaniak, Christian"]
[Result "1-0"]
[WhiteElo "1972"]
[BlackElo "1914"]
[PlyCount "103"]
[EventDate "2018.??.??"]

1. f4 c5 2. Nf3 Nc6 3. g3 Nf6 4. Bg2 d5 5. d3 Qc7 6. O-O e6 7. Qe1 Be7 8. e4 d4
9. a4 O-O 10. h3 Nd7 11. Na3 a6 12. Bd2 b6 13. g4 Bb7 14. h4 f6 15. Bh3 Bd6 16.
Nc4 e5 17. f5 Kf7 18. g5 Ke7 19. h5 h6 20. gxh6 gxh6 21. Nh4 Kf7 22. Ng6 Rh8
23. Nxh8+ Rxh8 24. Qh4 Bf8 25. Kf2 a5 26. Rg1 Ba6 27. Na3 Nb4 28. b3 Nc6 29.
Rg2 Ne7 30. Rag1 Qd6 31. Ke2 Qc6 32. Bc1 Qd6 33. Nb1 Qc6 34. Nd2 Bb7 35. Rg4
Ba8 36. Qg3 Ke8 37. Nf3 b5 38. axb5 Qxb5 39. Nh4 a4 40. bxa4 Qxa4 41. Kd1 c4
42. Bf1 Qa1 43. dxc4 Nc6 44. Rg8 d3 45. Bxd3 Rxg8 46. Qxg8 Nb4 47. Ke2 Nxd3 48.
cxd3 Qa2+ 49. Bd2 Qa7 50. Rg7 Qd4 51. Qf7+ Kd8 52. Ba5+ 1-0

[Event "SV Mülheim-Nord 3 - Oberhausener SV 2"]
[Site "Regionalliga 2018/2019"]
[Date "2018.11.11"]
[Round "4.7"]
[White "Seibert, Michael"]
[Black "Brockhaus, Bernd"]
[Result "1/2-1/2"]
[WhiteElo "1957"]
[BlackElo "1952"]
[PlyCount "136"]
[EventDate "2018.??.??"]

1. d4 g6 2. c4 Bg7 3. Nc3 d6 4. Nf3 Nc6 5. Bg5 h6 6. Bf4 g5 7. Bg3 g4 8. d5
gxf3 9. dxc6 fxe2 10. Bxe2 bxc6 11. Bf3 Rb8 12. Bxc6+ Bd7 13. Qg4 Bf6 14. Bxd7+
Qxd7 15. Qxd7+ Kxd7 16. O-O-O Bxc3 17. bxc3 c5 18. Rhe1 Rb6 19. Be5 f6 20. Bf4
e5 21. Be3 Ke6 22. Kc2 Ne7 23. Rb1 Ra6 24. Rb2 h5 25. Kd3 Ra3 26. Bc1 Nc6 27.
f4 Ra4 28. Rf2 f5 29. Rb2 e4+ 30. Kc2 Rxc4 31. Rb7 Ra4 32. a3 Rc4 33. Bd2 Rb8
34. Rxb8 Nxb8 35. Rb1 Nc6 36. Rb7 d5 37. Rh7 Nd4+ 38. Kb2 Ne2 39. Rh6+ Kf7 40.
Rxh5 Kg6 41. Rg5+ Kf6 42. g4 fxg4 43. Rxd5 e3 44. Bxe3 Nxf4 45. Rd7 Ne6 46. Kb3
Re4 47. Bf2 c4+ 48. Kb4 a5+ 49. Kxa5 Re2 50. Bg3 Rb2 51. Rd5 Rb3 52. a4 Kg6 53.
Be5 Kf5 54. Bh8+ Kg6 55. Rb5 Ng7 56. Bxg7 Kxg7 57. Rg5+ Kf6 58. Rxg4 Rxc3 59.
Kb4 Rh3 60. Rg2 c3 61. Re2 Rd3 62. Rc2 Rd4+ 63. Kb3 Rh4 64. a5 Rh5 65. Kb4 Rh4+
66. Kxc3 Ra4 67. Rf2+ Kg6 68. Rg2+ Kh6 1/2-1/2

[Event "SV Mülheim-Nord 3 - Oberhausener SV 2"]
[Site "Regionalliga 2018/2019"]
[Date "2018.11.11"]
[Round "4.8"]
[White "Roitburd, Talik"]
[Black "Hombrecher, Kai"]
[Result "1-0"]
[WhiteElo "2000"]
[BlackElo "1851"]
[PlyCount "47"]
[EventDate "2018.??.??"]

1. e4 c6 2. d3 d5 3. Nd2 e5 4. Ngf3 Bd6 5. g3 Nf6 6. Bg2 O-O 7. O-O Nbd7 8. Nh4
Nc5 9. Qe1 Be6 10. f4 dxe4 11. dxe4 Bc8 12. Kh1 Ne8 13. Nc4 Qe7 14. b4 Na4 15.
a3 f6 16. Ne3 g6 17. c4 exf4 18. gxf4 Qc7 19. Qd1 b5 20. cxb5 cxb5 21. e5 fxe5
22. Bxa8 Bb7+ 23. Bxb7 Qxb7+ 24. Qd5+ 1-0

[Event "SV Kamen 1 - SV Wattenscheid 2"]
[Site "Regionalliga 2018/2019"]
[Date "2018.11.11"]
[Round "4.1"]
[White "Schroeder, Wilfried"]
[Black "Weidemann, Christian"]
[Result "1/2-1/2"]
[WhiteElo "2163"]
[BlackElo "2290"]
[PlyCount "84"]
[EventDate "2018.??.??"]

1. Nf3 Nf6 2. c4 c6 3. d4 d5 4. Qc2 g6 5. Bf4 Bg7 6. e3 Bf5 7. Bd3 Bxd3 8. Qxd3
O-O 9. Nc3 Na6 10. O-O c5 11. Be5 Nb4 12. Qe2 cxd4 13. Nxd4 dxc4 14. Qxc4 Nbd5
15. Nxd5 Qxd5 16. Qxd5 Nxd5 17. Bxg7 Kxg7 18. Rfd1 Rfd8 19. e4 Nf4 20. Kf1 e5
21. Nb5 Ne6 22. Nc3 Rac8 23. Rxd8 Rxd8 24. Rd1 Rxd1+ 25. Nxd1 Nd4 26. Nc3 Kf6
27. Ke1 Ke6 28. Kd2 a6 29. Kd3 Kd6 30. Nd5 Ne6 31. b4 h5 32. h4 Nc7 33. Nxc7
Kxc7 34. Kc4 Kc6 35. a4 b5+ 36. axb5+ axb5+ 37. Kd3 Kd6 38. Ke3 Ke6 39. f3 f6
40. g4 hxg4 41. fxg4 g5 42. hxg5 fxg5 1/2-1/2

[Event "SV Kamen 1 - SV Wattenscheid 2"]
[Site "Regionalliga 2018/2019"]
[Date "2018.11.11"]
[Round "4.2"]
[White "Himmel, Hansjoerg"]
[Black "Schlehoefer, Ralf"]
[Result "1-0"]
[WhiteElo "2208"]
[BlackElo "2195"]
[PlyCount "49"]
[EventDate "2018.??.??"]

1. d4 Nf6 2. Nf3 d5 3. Bf4 e6 4. e3 Bd6 5. Ne5 O-O 6. Nd2 c5 7. c3 Nc6 8. Bd3
Qc7 9. Ndf3 Ne4 10. Qc2 f6 11. Nxc6 Bxf4 12. exf4 bxc6 13. Bxe4 dxe4 14. Qxe4
cxd4 15. Nxd4 e5 16. fxe5 fxe5 17. Nb3 Bf5 18. Qc4+ Kh8 19. Nc5 Rf6 20. O-O Rh6
21. Rfe1 Rf8 22. Re3 e4 23. Rg3 Qf4 24. Qd4 Bg6 25. Ne6 1-0

[Event "SV Kamen 1 - SV Wattenscheid 2"]
[Site "Regionalliga 2018/2019"]
[Date "2018.11.11"]
[Round "4.3"]
[White "Koehn, Peter"]
[Black "Luetke, Jens"]
[Result "1/2-1/2"]
[WhiteElo "2137"]
[BlackElo "2188"]
[PlyCount "63"]
[EventDate "2018.??.??"]

1. c4 c5 2. Nc3 g6 3. Nf3 Bg7 4. g3 Nc6 5. Bg2 e6 6. d3 Nge7 7. Bg5 h6 8. Bd2
d5 9. Rb1 O-O 10. a3 dxc4 11. dxc4 e5 12. Qc1 Kh7 13. O-O Nd4 14. e3 Nb3 15.
Qc2 Nxd2 16. Nxd2 Bf5 17. Nde4 Qa5 18. Rbd1 Rad8 19. Qb3 Qc7 20. Qb5 b6 21. Qa4
Bd7 22. Nb5 Bxb5 23. cxb5 f5 24. Nd2 e4 25. Nc4 h5 26. Rxd8 Rxd8 27. Rd1 Rd7
28. Bf1 Qd8 29. Be2 Nd5 30. h4 Ne7 31. Kg2 Nd5 32. Qc2 1/2-1/2

[Event "SV Kamen 1 - SV Wattenscheid 2"]
[Site "Regionalliga 2018/2019"]
[Date "2018.11.11"]
[Round "4.4"]
[White "Kilian, Ralf"]
[Black "Lang, Daniel"]
[Result "1/2-1/2"]
[WhiteElo "2082"]
[BlackElo "2078"]
[PlyCount "54"]
[EventDate "2018.??.??"]

1. e4 c6 2. d4 d5 3. Nc3 dxe4 4. Nxe4 Bf5 5. Ng3 Bg6 6. Nf3 Nd7 7. h4 h6 8. h5
Bh7 9. Bd3 Bxd3 10. Qxd3 e6 11. Bd2 Ngf6 12. Qe2 Be7 13. Ne5 O-O 14. O-O-O a5
15. Rhe1 Nb6 16. Ng6 Re8 17. Nxe7+ Rxe7 18. Bf4 Qd5 19. Kb1 a4 20. Qe5 Nc4 21.
Qxd5 Nxd5 22. Bd2 a3 23. b3 Nxd2+ 24. Rxd2 Nc3+ 25. Ka1 Rd7 26. Rd3 Nb5 27. Ne2
Nc7 1/2-1/2

[Event "SV Kamen 1 - SV Wattenscheid 2"]
[Site "Regionalliga 2018/2019"]
[Date "2018.11.11"]
[Round "4.7"]
[White "Schwebel, Markus"]
[Black "Kleinegger, Frank"]
[Result "1/2-1/2"]
[WhiteElo "2007"]
[BlackElo "2065"]
[PlyCount "34"]
[EventDate "2018.??.??"]

1. e4 d6 2. d4 Nf6 3. Nc3 e5 4. Nf3 exd4 5. Nxd4 Be7 6. Bc4 O-O 7. O-O Re8 8.
Bg5 c6 9. a4 a5 10. h3 Na6 11. Qf3 Nc5 12. Rad1 Qc7 13. Bh4 Ncd7 14. Nf5 Ne5
15. Nxe7+ Qxe7 16. Qe2 Ng6 17. Bxf6 Qxf6 1/2-1/2

[Event "SV Kamen 1 - SV Wattenscheid 2"]
[Site "Regionalliga 2018/2019"]
[Date "2018.11.11"]
[Round "4.8"]
[White "Georg, Heinz"]
[Black "Schmedders, Hans-Gerd"]
[Result "0-1"]
[WhiteElo "2071"]
[BlackElo "2050"]
[PlyCount "80"]
[EventDate "2018.??.??"]

1. e4 c6 2. d4 d5 3. exd5 cxd5 4. c4 Nf6 5. Nc3 g6 6. cxd5 Nxd5 7. Qb3 Nb6 8.
Bb5+ Bd7 9. Nf3 Bg7 10. Bf4 O-O 11. Rd1 Bg4 12. Be2 Nc6 13. d5 Na5 14. Qb5 Bxf3
15. gxf3 Nc8 16. Ne4 b6 17. O-O Nb7 18. Qc6 Ncd6 19. Ba6 Nc5 20. Nxc5 bxc5 21.
b3 Qb6 22. Be3 Bd4 23. Bxd4 cxd4 24. Rfe1 Rfe8 25. Rc1 Qa5 26. Rxe7 Rxe7 27.
Qxa8+ Kg7 28. Bd3 Qd2 29. Qc6 Qg5+ 30. Kf1 Qf4 31. Re1 Rxe1+ 32. Kxe1 Qxh2 33.
b4 h5 34. Qc5 Qe5+ 35. Kf1 h4 36. b5 h3 37. a4 Qf4 38. a5 Kh7 39. a6 Qxf3 40.
Qxd4 Qd1# 0-1

[Event "Weiße Dame Borbeck 1 - SV Welper 1"]
[Site "Regionalliga 2018/2019"]
[Date "2018.11.11"]
[Round "4.1"]
[White "Fuellgrabe, Thomas"]
[Black "Loyen, Egbert"]
[Result "1/2-1/2"]
[WhiteElo "2232"]
[BlackElo "2189"]
[PlyCount "50"]
[EventDate "2018.??.??"]

1. e4 c5 2. Nf3 Nc6 3. Bb5 Nf6 4. e5 Ng4 5. Bxc6 dxc6 6. h3 Nh6 7. Nc3 g6 8.
Ne4 b6 9. d3 Bg7 10. Bf4 O-O 11. Qd2 Nf5 12. c3 f6 13. O-O fxe5 14. Nxe5 Bxe5
15. Bxe5 Qd5 16. f4 c4 17. Rfe1 cxd3 18. Qf2 c5 19. g4 Nd6 20. Qh4 Nxe4 21.
Qxe7 Qf7 22. Qxf7+ Rxf7 23. Rxe4 Bb7 24. Re3 Rd8 25. Rd1 c4 1/2-1/2

[Event "Weiße Dame Borbeck 1 - SV Welper 1"]
[Site "Regionalliga 2018/2019"]
[Date "2018.11.11"]
[Round "4.2"]
[White "Hillenbrand, Michael"]
[Black "Kemna, Guido"]
[Result "1/2-1/2"]
[WhiteElo "2087"]
[BlackElo "2138"]
[PlyCount "42"]
[EventDate "2018.??.??"]

1. c4 Nf6 2. Nf3 c6 3. g3 d5 4. b3 Bg4 5. Bg2 e6 6. Bb2 Nbd7 7. O-O Bd6 8. d3
O-O 9. Nbd2 Qe7 10. h3 Bh5 11. Qc2 e5 12. e4 dxe4 13. Nxe4 Nxe4 14. dxe4 Bxf3
15. Bxf3 Rfd8 16. Rad1 Nf8 17. Rd3 Ne6 18. Rfd1 c5 19. Rd5 Nc7 20. R5d3 Ne6 21.
Rd5 Nc7 1/2-1/2

[Event "Weiße Dame Borbeck 1 - SV Welper 1"]
[Site "Regionalliga 2018/2019"]
[Date "2018.11.11"]
[Round "4.3"]
[White "Linde, Wolfgang"]
[Black "Klasmeier, Jens"]
[Result "1/2-1/2"]
[WhiteElo "2166"]
[BlackElo "2090"]
[PlyCount "61"]
[EventDate "2018.??.??"]

1. e4 e5 2. Nf3 Nc6 3. Bb5 a6 4. Bxc6 dxc6 5. O-O Bg4 6. h3 h5 7. d3 Qf6 8.
Nbd2 g5 9. Nc4 Bxf3 10. Qxf3 Qxf3 11. gxf3 f6 12. h4 gxh4 13. f4 b5 14. Na5
exf4 15. Bxf4 Kd7 16. Kh1 Bd6 17. Be3 Ne7 18. Nb3 Rag8 19. a4 Rg4 20. axb5 axb5
21. Nc5+ Bxc5 22. Bxc5 Ng6 23. Ra7 Nf4 24. Bd4 Ne2 25. Bxf6 Rf8 26. e5 Nd4 27.
Rg1 Rxg1+ 28. Kxg1 Rg8+ 29. Kh2 Nf3+ 30. Kh3 Rg4 31. Ra8 1/2-1/2

[Event "Weiße Dame Borbeck 1 - SV Welper 1"]
[Site "Regionalliga 2018/2019"]
[Date "2018.11.11"]
[Round "4.4"]
[White "Dewenter, Ulf"]
[Black "Adiyaman, Rene"]
[Result "0-1"]
[WhiteElo "2109"]
[BlackElo "2123"]
[PlyCount "52"]
[EventDate "2018.??.??"]

1. c4 Nf6 2. Nc3 c6 3. e4 e5 4. Nf3 Bb4 5. Bd3 O-O 6. O-O d5 7. cxd5 cxd5 8.
Nxd5 Nxd5 9. exd5 Qxd5 10. Qe2 Nc6 11. Be4 Nd4 12. Qd3 Nxf3+ 13. Qxf3 Qd7 14.
Bxh7+ Kxh7 15. Qe4+ f5 16. Qh4+ Kg8 17. Qxb4 Rf6 18. b3 Rg6 19. Bb2 f4 20. f3
Qh3 21. Rf2 Qh5 22. Re1 Rh6 23. Rxe5 Qxh2+ 24. Kf1 Be6 25. Qxb7 Re8 26. Rh5
Qh1+ 0-1

[Event "Weiße Dame Borbeck 1 - SV Welper 1"]
[Site "Regionalliga 2018/2019"]
[Date "2018.11.11"]
[Round "4.5"]
[White "Schaller, Fabian"]
[Black "Poetter, Clemens"]
[Result "1-0"]
[WhiteElo "1983"]
[BlackElo "2011"]
[PlyCount "123"]
[EventDate "2018.??.??"]

1. Nf3 Nf6 2. b3 d5 3. Bb2 c5 4. g3 Nc6 5. Bg2 g6 6. O-O Bg7 7. d3 O-O 8. Nbd2
Bf5 9. Re1 Qd7 10. Ne5 Nxe5 11. Bxe5 Rfd8 12. c4 Bh3 13. Bh1 Qf5 14. Nf3 e6 15.
Qc1 Rac8 16. Qg5 h6 17. Qxf5 Bxf5 18. h4 Rd7 19. Rab1 b6 20. Bg2 d4 21. b4 Ng4
22. Bxg7 Kxg7 23. Nd2 e5 24. a4 cxb4 25. Rxb4 Nf6 26. Ra1 Rd6 27. a5 Rc7 28.
axb6 axb6 29. Ra6 Nd7 30. Bd5 g5 31. hxg5 hxg5 32. Nf3 f6 33. Nd2 Bg6 34. Kg2
f5 35. Rb1 Kf6 36. Ra8 Bf7 37. Bxf7 Kxf7 38. Rh1 Rg6 39. Rhh8 g4 40. Nb1 Ke7
41. Na3 Nf6 42. Nb5 Rb7 43. Rac8 Rg7 44. Rh6 Rh7 45. Rg6 Rd7 46. Rc6 Rf7 47.
Rxb6 e4 48. Rc6 exd3 49. exd3 f4 50. Nc7 f3+ 51. Kg1 Rd8 52. Re6+ Kd7 53. Rexf6
Rxf6 54. Rxf6 Kxc7 55. Rf4 Rb8 56. Rxg4 Rb1+ 57. Kh2 Rf1 58. Rxd4 Rxf2+ 59. Kg1
Rg2+ 60. Kf1 Rxg3 61. Kf2 Rh3 62. Rf4 1-0

[Event "Weiße Dame Borbeck 1 - SV Welper 1"]
[Site "Regionalliga 2018/2019"]
[Date "2018.11.11"]
[Round "4.6"]
[White "Korste, Sebastian"]
[Black "Conrad, Joachim"]
[Result "1-0"]
[WhiteElo "1922"]
[BlackElo "1998"]
[PlyCount "53"]
[EventDate "2018.??.??"]

1. Nf3 d6 2. d4 Nf6 3. c4 Nbd7 4. Nc3 e5 5. e4 Be7 6. Bd3 c6 7. O-O O-O 8. h3
Qc7 9. Be3 Re8 10. Rb1 Bf8 11. d5 a6 12. b4 cxd5 13. Nxd5 Nxd5 14. cxd5 Nf6 15.
Rc1 Qd8 16. Qc2 Bd7 17. a4 Rc8 18. Qb3 b5 19. axb5 axb5 20. Ra1 Ra8 21. Rfc1
Qb8 22. Ra5 Rc8 23. Rca1 Qb7 24. Ra7 Rxa7 25. Rxa7 Rc1+ 26. Kh2 Qc8 27. Bxc1
1-0

[Event "Weiße Dame Borbeck 1 - SV Welper 1"]
[Site "Regionalliga 2018/2019"]
[Date "2018.11.11"]
[Round "4.7"]
[White "Schaller, Torsten"]
[Black "Kindermann, Carsten"]
[Result "1/2-1/2"]
[WhiteElo "1951"]
[BlackElo "1908"]
[PlyCount "33"]
[EventDate "2018.??.??"]

1. d4 d5 2. c4 dxc4 3. Nf3 a6 4. a4 Nf6 5. e3 c5 6. Bxc4 Nc6 7. O-O Bg4 8. dxc5
Qxd1 9. Rxd1 e6 10. Nc3 Bxc5 11. Bd2 Ke7 12. Rac1 Rac8 13. Be1 Bb4 14. Be2 Rhd8
15. Rxd8 Rxd8 16. Kf1 h6 17. Rd1 1/2-1/2

[Event "Weiße Dame Borbeck 1 - SV Welper 1"]
[Site "Regionalliga 2018/2019"]
[Date "2018.11.11"]
[Round "4.8"]
[White "Klasmeier, Hartmut"]
[Black "Bastians, Felix"]
[Result "0-1"]
[WhiteElo "1872"]
[BlackElo "2088"]
[Annotator "Daniel"]
[PlyCount "132"]
[EventDate "2018.??.??"]

1. e4 Nf6 2. Nc3 d6 3. Bc4 g6 4. d4 Bg7 5. Nge2 O-O 6. O-O Nc6 7. Be3 Nxe4 8.
Nxe4 d5 9. Bd3 dxe4 10. Bxe4 Bg4 11. Bxc6 bxc6 12. f3 $11 Be6 13. c3 Qb8 14. b3
Rd8 15. Qc1 a5 16. Nf4 Bf5 17. Rf2 c5 18. g4 cxd4 19. cxd4 Bc8 20. Qc5 e6 21.
Rc1 Bb7 22. Qxc7 Bxd4 23. Bxd4 Rxd4 24. Qxb8+ Rxb8 25. Ne2 Rd2 26. Nc3 Rbd8 27.
Rcf1 Rxf2 28. Rxf2 Rd3 29. Ne4 Bxe4 30. fxe4 Re3 31. Kg2 h6 32. Rc2 Rxe4 33.
Kf3 Rd4 34. Rc8+ Kg7 35. Ra8 Rd5 36. h4 Rb5 37. Ra7 g5 38. h5 Re5 39. Ra8 Rd5
40. Ra7 Kf6 41. Ke4 Rc5 42. Kd4 Rb5 43. Ke4 Kg7 44. Ke3 Kf6 45. Kf3 Re5 46. Kf2
Re4 47. Rxa5 Rxg4 48. Rb5 Rh4 49. Kg2 Rd4 50. a4 Rd2+ 51. Kf3 Ra2 52. Ke4 Re2+
53. Kf3 Re5 54. Rb7 Ra5 55. Ke4 Re5+ 56. Kf3 Rf5+ 57. Kg3 Ke5 58. a5 Rf1 59. b4
f5 60. a6 Ra1 61. Rb5+ Kd6 62. Rb6+ Kd5 63. b5 f4+ 64. Kf3 Ra3+ 65. Kf2 g4 66.
Rb7 g3+ 0-1

[Event "SC Hansa Dortmund 2 - SG Bochum 2"]
[Site "Regionalliga 2018/2019"]
[Date "2018.11.11"]
[Round "4.1"]
[White "Tkachuk, Konstantyn"]
[Black "Schiefelbusch, Dirk"]
[Result "1/2-1/2"]
[WhiteElo "2262"]
[BlackElo "2015"]
[PlyCount "58"]
[EventDate "2018.??.??"]

1. e4 c6 2. d4 d5 3. Nc3 dxe4 4. Nxe4 Bf5 5. Ng3 Bg6 6. Nf3 Nd7 7. h4 h6 8. Bd3
Bxd3 9. Qxd3 Ngf6 10. O-O e6 11. Re1 Be7 12. c4 O-O 13. Bf4 Re8 14. Rad1 Bb4
15. Re2 Bf8 16. Ne5 c5 17. Red2 Qb6 18. Qf3 cxd4 19. Rxd4 Nxe5 20. Bxe5 Be7 21.
Nh5 Nxh5 22. Qxh5 Rad8 23. Bxg7 Kxg7 24. Rg4+ Bg5 25. Rxd8 Rxd8 26. hxg5 Rd1+
27. Kh2 Qd6+ 28. Rg3 hxg5 29. Qxg5+ Kf8 1/2-1/2

[Event "SC Hansa Dortmund 2 - SG Bochum 2"]
[Site "Regionalliga 2018/2019"]
[Date "2018.11.11"]
[Round "4.2"]
[White "Berndt, Joachim"]
[Black "Tkachuk, Sergij"]
[Result "0-1"]
[WhiteElo "2040"]
[BlackElo "2178"]
[PlyCount "64"]
[EventDate "2018.??.??"]

1. e4 c5 2. Nc3 Nc6 3. f4 g6 4. Nf3 Bg7 5. Bb5 Nd4 6. a4 a6 7. Bc4 e6 8. O-O
Ne7 9. d3 d5 10. Ba2 O-O 11. f5 dxe4 12. dxe4 exf5 13. Ng5 h6 14. exf5 Bxf5 15.
Nge4 Qb6 16. a5 Qc6 17. Re1 Rad8 18. Bd2 Rd7 19. Bc4 Kh7 20. Qc1 Be6 21. Bxe6
Nxe6 22. Ra3 f5 23. Ng3 Nd4 24. Nd1 Nd5 25. c3 Nb5 26. Ra1 c4 27. Qc2 Rfd8 28.
Re2 Nb4 29. Qc1 Nd3 30. Qc2 f4 31. Ne4 Re7 32. Ndf2 Rde8 0-1

[Event "SC Hansa Dortmund 2 - SG Bochum 2"]
[Site "Regionalliga 2018/2019"]
[Date "2018.11.11"]
[Round "4.3"]
[White "Stricker, Florian"]
[Black "Burchert, Wolfgang"]
[Result "0-1"]
[WhiteElo "2037"]
[BlackElo "2018"]
[PlyCount "170"]
[EventDate "2018.??.??"]

1. Nf3 c5 2. e4 e6 3. g3 Nc6 4. Bg2 g6 5. d3 Bg7 6. c3 Nge7 7. O-O O-O 8. Qe2
d5 9. e5 Rb8 10. a4 a6 11. Nbd2 b5 12. Nb3 c4 13. Nc5 cxd3 14. Nxd3 b4 15. Be3
bxc3 16. bxc3 Na5 17. Bc5 Nc4 18. Nd4 Bb7 19. f4 Re8 20. Qf2 Nc6 21. Nxc6 Bxc6
22. Bd4 Qc7 23. g4 Rb3 24. Rae1 Bxa4 25. f5 Bb5 26. f6 Bf8 27. Qc2 Na5 28. Rf3
Bxd3 29. Rxd3 Reb8 30. Qf2 Rb1 31. h4 Nc6 32. Qg3 Nxd4 33. cxd4 Rxe1+ 34. Qxe1
Qc2 35. Qg3 Rb1+ 36. Kh2 Rd1 37. Rc3 Qd2 38. Rc6 Qxd4 39. Rxa6 Rd3 40. Bf3 Qe3
41. Kg2 Rd2+ 42. Kh3 Rd3 43. Kg2 Qd2+ 44. Kh3 Qc3 45. Kg2 Re3 46. Ra2 Rxe5 47.
Ra8 h6 48. Re8 Qa1 49. Rd8 Qa2+ 50. Kh3 Qb2 51. Rc8 Qd4 52. Rb8 Qc3 53. Re8 Qe3
54. Rd8 d4 55. Bd1 g5 56. h5 Re4 57. Qxe3 dxe3 58. Be2 Rf4 59. Rd3 Rxf6 60.
Rxe3 Rf4 61. Bd1 Kg7 62. Be2 Bc5 63. Rb3 Rf2 64. Bf3 Bd6 65. Bg2 f5 66. gxf5
g4+ 67. Kxg4 Rxg2+ 68. Kh3 Rh2+ 69. Kg4 exf5+ 70. Kxf5 Rxh5+ 71. Kg4 Rd5 72.
Rb2 Kg6 73. Kh3 Rd3+ 74. Kg2 h5 75. Re2 Kg5 76. Re1 Kg4 77. Kh1 h4 78. Rb1 Bc5
79. Rc1 Bd4 80. Rb1 Be5 81. Re1 Bg3 82. Rb1 Rd2 83. Ra1 Kh3 84. Rb1 Rh2+ 85.
Kg1 Bf2+ 0-1

[Event "SC Hansa Dortmund 2 - SG Bochum 2"]
[Site "Regionalliga 2018/2019"]
[Date "2018.11.11"]
[Round "4.4"]
[White "Kloster, Josef"]
[Black "Biermann, Lenhard"]
[Result "1-0"]
[WhiteElo "2044"]
[BlackElo "2085"]
[PlyCount "125"]
[EventDate "2018.??.??"]

1. d4 e6 2. c4 Nf6 3. Nc3 Bb4 4. a3 Bxc3+ 5. bxc3 b6 6. Bg5 Bb7 7. e3 d6 8. f4
Nbd7 9. Nf3 h6 10. Bh4 Qe7 11. Be2 O-O-O 12. a4 a5 13. O-O Rdg8 14. c5 dxc5 15.
Bb5 Qf8 16. Ne5 Nxe5 17. fxe5 Nd5 18. Qd3 g5 19. Be1 Qe7 20. Ba6 Rf8 21. Bg3
cxd4 22. Bxb7+ Kxb7 23. exd4 Qd7 24. c4 Nb4 25. Qe4+ Qc6 26. Qe2 Rd8 27. Rfd1
h5 28. Be1 Na6 29. Rab1 Ka7 30. Rb5 h4 31. d5 Qd7 32. Qe3 c5 33. dxc6 Qxc6 34.
Rdb1 Nc5 35. Bxa5 Rd3 36. Qf2 Nd7 37. Bxb6+ Ka8 38. Bc7 Qxc7 39. Qe1 Qa7+ 40.
Kf1 Re3 41. Qa5 Nb8 42. Qd2 Nc6 43. Rb6 Rxe5 44. Qd6 Rf5+ 45. Ke2 Nb8 46. Ra6
Re5+ 47. Kd2 Ra5 48. Rxa7+ Rxa7 49. Qd4 Rc8 50. Qe4+ Nc6 51. c5 Rd7+ 52. Kc3
Rd4 53. Qf3 Rd5 54. Rb5 Nd4 55. Qxd5+ exd5 56. Kxd4 f5 57. Kxd5 f4 58. Kd6 h3
59. gxh3 f3 60. c6 f2 61. Rf5 Rd8+ 62. Kc7 Rd5 63. Rxd5 1-0

[Event "SC Hansa Dortmund 2 - SG Bochum 2"]
[Site "Regionalliga 2018/2019"]
[Date "2018.11.11"]
[Round "4.5"]
[White "Biermann, Florian"]
[Black "Hillebrand, Carsten"]
[Result "1-0"]
[WhiteElo "2046"]
[BlackElo "1934"]
[Annotator "Daniel"]
[PlyCount "155"]
[EventDate "2018.??.??"]

1. c4 Nf6 2. g3 g6 3. Bg2 Bg7 4. Nc3 d6 5. d3 O-O 6. e4 c5 7. Nge2 Nc6 8. O-O
Ne8 9. Be3 Nd4 10. Rb1 Nc7 11. b4 e5 12. f3 b6 13. Qd2 Nce6 14. a4 Bd7 15. Qa2
a6 16. Bxd4 cxd4 17. Nd5 Bc6 18. f4 Bxd5 19. cxd5 Nc7 20. Rbc1 Ne8 21. Rc6 h5
22. Rfc1 g5 23. fxe5 Bxe5 24. a5 bxa5 25. Qxa5 Qxa5 26. bxa5 Nf6 27. R6c4 Nd7
28. Nxd4 Bxd4+ 29. Rxd4 Nc5 30. Rb1 Rab8 31. Rdb4 Rxb4 32. Rxb4 Nxd3 33. Rb6
Nc5 34. Rxd6 Re8 35. Rc6 Nxe4 36. d6 Nf6 37. Rxa6 Kg7 38. Rb6 Re1+ 39. Kf2 Ra1
40. a6 Ra2+ 41. Kg1 Ra1+ 42. Bf1 Nd7 43. Rb7 Ne5 44. d7 Ra2 45. Be2 Nxd7 46. a7
Ne5 47. Rb5 Nc6 48. Rxg5+ Kf6 49. Rxh5 Ne5 50. g4 Rxa7 51. Rf5+ Ke6 52. Kf2 Ra2
53. h3 Rb2 54. Ke3 Rb3+ 55. Kd4 Rb4+ 56. Ke3 Rb3+ $11 57. Kf4 Rb4+ 58. Kg3 Rb3+
59. Bf3 Ra3 60. h4 Nxf3 61. Rxf3 Ra5 62. g5 Ke7 63. Kg4 Ra8 64. Rf4 Rh8 65. Kf5
Ra8 66. Kg4 Rh8 67. h5 Ra8 68. h6 Ra1 69. Kh5 Kf8 70. Rb4 Ra8 71. Rb7 Kg8 72.
Rc7 Rb8 73. Ra7 Rc8 74. Ra6 Kh7 75. Kg4 Rc7 76. Kf5 Rb7 77. Kf6 Rc7 78. Ra8 1-0

[Event "SC Hansa Dortmund 2 - SG Bochum 2"]
[Site "Regionalliga 2018/2019"]
[Date "2018.11.11"]
[Round "4.6"]
[White "Linker, Walter"]
[Black "Mazarov, Juergen"]
[Result "1/2-1/2"]
[WhiteElo "2011"]
[BlackElo "2057"]
[PlyCount "28"]
[EventDate "2018.??.??"]

1. f4 d5 2. Nf3 Nf6 3. e3 Bg4 4. b3 Nbd7 5. Bb2 c6 6. Be2 Qc7 7. Ne5 Bxe2 8.
Qxe2 e6 9. O-O Bd6 10. Nxd7 Qxd7 11. c4 O-O-O 12. Nc3 Kb8 13. d4 Bb4 14. Nd1
Ne4 1/2-1/2

[Event "SC Hansa Dortmund 2 - SG Bochum 2"]
[Site "Regionalliga 2018/2019"]
[Date "2018.11.11"]
[Round "4.7"]
[White "Zeldin, Vitali"]
[Black "Prueske, Wolfgang"]
[Result "0-1"]
[WhiteElo "1979"]
[BlackElo "1904"]
[PlyCount "104"]
[EventDate "2018.??.??"]

1. e4 c6 2. d4 d5 3. e5 Bf5 4. Bd3 Bxd3 5. Qxd3 e6 6. Ne2 Ne7 7. Nd2 Nd7 8. O-O
c5 9. c3 Nc6 10. a3 c4 11. Qg3 Na5 12. Nf3 Nb3 13. Rb1 Qb6 14. Be3 h6 15. h4 g6
16. h5 Rg8 17. hxg6 Rxg6 18. Qh4 Be7 19. Qh5 O-O-O 20. Nf4 Rg7 21. Qxh6 Rdg8
22. g3 Bf8 23. Qh3 Rg4 24. Rfe1 Be7 25. Kf1 Na5 26. Ke2 Qb3 27. Rec1 Qb5 28.
Nh2 R4g7 29. g4 Nf8 30. Nh5 Rh7 31. f4 Rgh8 32. Nf3 Qd7 33. Rh1 Qa4 34. Ne1 Ng6
35. Qf3 Qb3 36. Ng2 Qc2+ 37. Bd2 Nb3 38. Qe3 Nxd2 39. Qxd2 Qa4 40. Rhf1 Nf8 41.
Ne3 Nd7 42. Qc2 Qc6 43. Rh1 f5 44. Ng3 Rh2+ 45. Ke1 Rxh1+ 46. Nxh1 Rxh1+ 47.
Nf1 fxg4 48. Kf2 Nf8 49. Kg2 Rh3 50. Qe2 Rh4 51. Ne3 Qe8 52. Nxg4 Qg6 0-1

[Event "SC Hansa Dortmund 2 - SG Bochum 2"]
[Site "Regionalliga 2018/2019"]
[Date "2018.11.11"]
[Round "4.8"]
[White "Dawid, Adalbert"]
[Black "Blome, Simon"]
[Result "1/2-1/2"]
[WhiteElo "1875"]
[BlackElo "1879"]
[PlyCount "44"]
[EventDate "2018.??.??"]

1. d4 Nf6 2. c4 e6 3. g3 Bb4+ 4. Bd2 a5 5. Bg2 d5 6. a3 Bxd2+ 7. Nxd2 O-O 8.
Ngf3 b6 9. Rc1 c6 10. Ne5 Bb7 11. O-O Nfd7 12. Nd3 Na6 13. b4 axb4 14. axb4 Nc7
15. Qb3 Qf6 16. Nf3 Rfc8 17. c5 Nb5 18. Qb2 Na3 19. Nfe5 Nxe5 20. Nxe5 Qd8 21.
Ra1 Nb5 22. Nd3 Rcb8 1/2-1/2